Statistics for Countries With The Tallest Buildings In Europe On A Map

Click here to take the quiz!

General Stats

  • This quiz has been taken 14 times
  • The average score is 5 of 17

Answers on the Map

Answers color-coded by a green-red scale on the quiz's map according to % correct below.
 

Answer Stats

Answer% Correct
Istanbul Sapphire
75%
The Shard
75%
Commerzbank Tower
67%
Capital City Moscow Tower
42%
Messeturm
33%
22 Bishopsgate
25%
Federation Tower
25%
Torre Cepsa
25%
Torre de Cristal
25%
Lakhta Center
17%
Naberezhnaya Tower
17%
Eurasia Tower
8%
Evolution Tower
8%
Mercury City Tower
8%
NEVA Tower 2
8%
OKO Tower
8%
Triumph Palace
8%

Score Distribution

Percentile by Number Answered

Percent of People with Each Score

Your Score History

You have not taken this quiz